[Event "ch-ARG s/f"]
[Site "Buenos Aires ARG"]
[Date "2006.03.24"]
[Round "4"]
[White "Mareco,S"]
[Black "Slipak,S"]
[Result "1/2-1/2"]
[WhiteElo "2289"]
[BlackElo "2462"]

1.e4 e5 2.Nf3 Nc6 3.Bb5 a6 4.Ba4 Nf6 5.O-O Be7 6.Re1 b5 7.Bb3 d6 8.c3 O-O
9.h3 Nb8 10.d4 Nbd7 11.Nbd2 Bb7 12.Bc2 c5 13.Nf1 Re8 14.Ng3 Bf8 15.d5 g6
16.b3 a5 17.a4 bxa4 18.Rxa4 Nb6 19.Ra1 c4 20.b4 axb4 21.Rxa8 Qxa8 22.cxb4 Rc8
23.Be3 Nbxd5 24.exd5 Nxd5 25.b5 Nc3 26.Qd2 Nxb5 27.Rb1 Nc7 28.Bh6 c3 29.Qe3  1/2-1/2

[Event "43rd ch-IND"]
[Site "Visakhapatnam IND"]
[Date "2006.04.06"]
[Round "5"]
[White "Sharma,Di"]
[Black "Sriram,J"]
[Result "0-1"]
[WhiteElo "2370"]
[BlackElo "2444"]

1.e4 e5 2.Nf3 Nc6 3.Bb5 a6 4.Ba4 Nf6 5.O-O Be7 6.Re1 b5 7.Bb3 O-O 8.h3 d6
9.c3 Nb8 10.d4 Nbd7 11.Nbd2 Bb7 12.Bc2 Re8 13.Nf1 Bf8 14.Ng3 g6 15.a4 Bg7
16.Bd3 c6 17.Bg5 Nf8 18.Be3 Qc7 19.dxe5 dxe5 20.c4 b4 21.c5 Ne6 22.Qb3 a5
23.Bc4 Nd7 24.Bxe6 Rxe6 25.Ng5 Re7 26.Rad1 Nf8 27.Rd6 h6 28.Nf3 Rd8 29.Red1 Red7
30.Rxd7 Rxd7 31.Nf1 Ne6 32.Rd2 Ba6 33.Qd1 Rxd2 34.Qxd2 h5 35.Ng3 Bf8 36.Qc1 f6
37.Nh4 Kf7 38.Qd1 Qd8 39.Qf3 Ng7 40.Bg5 Bc8 41.Bh6 Be6 42.Kh2 Bxc5 43.Ngf5 gxf5
44.Bxg7 Kxg7 45.Qxh5 Qh8 46.Qg6+ Kf8 47.exf5 Bf7 48.Qg3 Qh6  0-1

[Event "32nd ch-IND w"]
[Site "Visakhapatnam IND"]
[Date "2006.04.10"]
[Round "10"]
[White "Kavitha,J"]
[Black "Swathi,G"]
[Result "1/2-1/2"]
[WhiteElo "2126"]
[BlackElo "2244"]

1.e4 e5 2.Nf3 Nc6 3.Bb5 a6 4.Ba4 Nf6 5.O-O Be7 6.Re1 b5 7.Bb3 d6 8.c3 O-O
9.h3 Nb8 10.d4 Nbd7 11.Nbd2 Bb7 12.Bc2 Re8 13.Nf1 Bf8 14.Ng3 g6 15.Bg5 Bg7
16.Qd2 Nf8 17.Bh6 Bh8 18.b3 c6 19.Rad1 Qc7 20.Qg5 Ne6 21.Qh4 Qe7 22.dxe5 dxe5
23.Nxe5 Nh5 24.Qxe7 Rxe7 25.Nxh5 Bxe5 26.Ng3 Bxc3 27.Re3 Bd4 28.Red3 c5 29.b4 Bg7
30.Bxg7 Kxg7 31.bxc5 Nxc5 32.Rd4 Rc8 33.f3 Rcc7 34.Nf1 Ne6 35.R4d2 Rc3 36.Bb3 Nc5
37.Bd5 Bxd5 38.Rxd5 Na4 39.R5d3 Rec7 40.Ne3 Rxd3 41.Rxd3 Rc3 42.Rxc3 Nxc3
43.a3 Kf6 44.Kf2 Ke5 45.Nc2 Nd1+ 46.Ke2 Nb2 47.g3 g5 48.Ke3 Nc4+ 49.Kd3 h5
50.a4 Nb2+ 51.Ke3 Nxa4 52.Nb4 Nc5 53.f4+ gxf4+ 54.gxf4+ Kf6 55.Nd5+ Kg7 56.f5 a5
57.Kd4 Nd7 58.e5 b4 59.h4 b3  1/2-1/2

[Event "Open NOR-ch"]
[Site "Oslo NOR"]
[Date "2006.04.11"]
[Round "4"]
[White "Gabrielsen,T"]
[Black "Krivonosov,O"]
[Result "0-1"]
[WhiteElo "2281"]
[BlackElo "2432"]

1.e4 e5 2.Nf3 Nc6 3.Bb5 a6 4.Ba4 Nf6 5.O-O Be7 6.Re1 b5 7.Bb3 d6 8.c3 O-O
9.h3 Nb8 10.d4 Nbd7 11.Nbd2 Bb7 12.Bc2 Re8 13.Nf1 Bf8 14.Ng3 g6 15.a4 c5
16.d5 c4 17.Bg5 h6 18.Be3 Nc5 19.Nh2 h5 20.Nf3 Nh7 21.Qd2 Rb8 22.Ng5 Nxg5
23.Bxg5 Be7 24.Be3 Bc8 25.axb5 axb5 26.f4 exf4 27.Bxf4 Bf6 28.Qf2 h4 29.Nf1 Be5
30.Bxe5 Rxe5 31.Nd2 Nd7 32.Nf3 Rh5 33.Nd4 Ne5 34.Kh2 Bd7 35.Rf1 Qg5 36.Ra6 b4
37.cxb4 Rxb4 38.Ra8+ Kg7 39.Kh1 Rb7 40.Ne6+ Bxe6 41.dxe6 Re7 42.exf7 Rxf7
43.Ra7 Rxa7 44.Qxa7+ Kh6 45.Bd1 Qd2 46.Bxh5 Kxh5 47.Kh2 Qd3 48.Qh7+ Kg5 49.Qe7+ Kh5
50.Qf6 Qg3+ 51.Kh1 Nd3 52.Qf3+ Qxf3 53.Rxf3 Nxb2 54.Rf6 Kg5 55.Rxd6 Kf4 56.Rxg6 Kxe4
57.g3 hxg3 58.Rg4+ Kf3 59.Rg8 Nd3 60.Kg1 Nf4 61.h4 c3 62.h5 c2  0-1

[Event "32nd ch-IND w"]
[Site "Visakhapatnam IND"]
[Date "2006.04.14"]
[Round "14"]
[White "Kavitha,J"]
[Black "Vijayalakshmi,S"]
[Result "1-0"]
[WhiteElo "2126"]
[BlackElo "2479"]

1.e4 e5 2.Nf3 Nc6 3.Bb5 a6 4.Ba4 Nf6 5.O-O Be7 6.Re1 b5 7.Bb3 d6 8.c3 O-O
9.h3 Nb8 10.d4 Nbd7 11.Nbd2 Bb7 12.Bc2 Re8 13.Nf1 Bf8 14.Ng3 g6 15.a4 Bg7
16.Bg5 c5 17.d5 c4 18.Qd2 Nc5 19.Ra3 Qe7 20.Rea1 Qf8 21.Qe1 Nfd7 22.Be3 Nb6
23.Bxc5 dxc5 24.axb5 axb5 25.Ra5 b4 26.Rb5 Rxa1 27.Qxa1 Ra8 28.Qe1 b3 29.Bxb3 Ra6
30.Bxc4 Qa8 31.Bf1 Bf8 32.Nxe5 Bd6 33.Ng4 Ra1 34.Qe3 Nd7 35.Qf3 Bxg3 36.fxg3 Ba6
37.c4 Bxb5 38.cxb5 h5 39.Nh6+ Kg7 40.Nxf7 Qf8 41.Ng5 Qxf3 42.gxf3 Rb1 43.f4 Rxb2
44.e5 Rd2 45.d6 Kf8 46.b6 Nxb6 47.Ne6+ Ke8 48.Nxc5 Rd5 49.Ne4 Rd4 50.Ng5 Rd1
51.Kf2 Kd8 52.h4 Rd2+ 53.Ke3 Rd1 54.Bd3 Nd5+ 55.Ke4 Nc3+ 56.Kd4 Ne2+ 57.Ke3 Nc3
58.Bxg6 Nd5+ 59.Ke4 Nc3+ 60.Kf5 Ne2 61.Ne4 Nd4+ 62.Kf6 Nb5 63.e6 Nxd6 64.e7+ Kd7
65.Nxd6 Rxd6+ 66.Kf7 Re6 67.Bf5  1-0

[Event "President's Cup"]
[Site "Baku AZE"]
[Date "2006.05.08"]
[Round "5"]
[White "Allahverdiev,A"]
[Black "Sanikidze,T"]
[Result "1-0"]
[WhiteElo "2434"]
[BlackElo "2413"]

1.e4 e5 2.Nf3 Nc6 3.Bb5 a6 4.Ba4 Nf6 5.O-O Be7 6.Re1 b5 7.Bb3 d6 8.c3 O-O
9.h3 Nb8 10.d4 Nbd7 11.Nbd2 c5 12.a4 Bb7 13.d5 Ne8 14.Nf1 g6 15.Bc2 Ng7 16.Bh6 Kh8
17.b3 Nf6 18.Qe2 Qb6 19.N3d2 Ng8 20.Bxg7+ Kxg7 21.Bd3 Rab8 22.Ra2 Nf6 23.axb5 axb5
24.Rea1 Bc8 25.Ra7 Bd7 26.R1a6 Qd8 27.Ng3 h5 28.Nf3 b4 29.c4 Rh8 30.Qe3 h4
31.Ne2 Bc8 32.Ra1 Bb7 33.Qd2 Nh5 34.R1a5 Ra8 35.Rxa8 Bxa8 36.Ra7 Re8 37.Qa2 Qb8
38.Qa6 Kf8 39.Bc2 Rc8 40.Ne1 Bd8 41.Nd3 Nf6 42.Rxa8 Qxa8 43.Qxd6+ Kg7 44.Qxe5 Qa2
45.Ne1 Bc7 46.d6 Bb8 47.Qe7 Re8 48.Qxe8 Nxe8 49.d7 Bh2+ 50.Kxh2 Qa8 51.dxe8=Q Qxe8
52.Kg1 Qe5 53.Kf1 g5 54.Ng1 Qa1 55.Nf3 f6 56.Nh2 Kf7 57.Ng4 Qc3 58.Ke2 Ke6
59.Ne3 Qa1 60.Nf3 Qb2 61.e5 f5 62.Nxg5+ Kxe5 63.Nf3+ Ke6 64.g3 hxg3 65.fxg3 Kf6
66.Nh4 Ke5 67.Nhxf5 Qc1 68.h4 Qh1 69.Kf2 Qh2+ 70.Kf3 Qh3 71.Bd1 Qh1+ 72.Kg4 Qe4+
73.Kg5 Qa8 74.h5 Qd8+ 75.Kg4 Qe8 76.Kf3 Qa8+ 77.Kf2 Qh1 78.Nh4 Kf6 79.h6 Qb7
80.Bc2 Kg5 81.h7 Qb8 82.Ng6 Qc7 83.h8=B Qd6 84.Be5 Qd2+ 85.Kf3 Qh2 86.Bf4+  1-0

[Event "Open"]
[Site "Albarino ESP"]
[Date "2006.07.09"]
[Round "7"]
[White "Dimitrov,Vl"]
[Black "Iotov,V"]
[Result "1/2-1/2"]
[WhiteElo "2454"]
[BlackElo "2493"]

1.e4 e5 2.Nf3 Nc6 3.Bb5 a6 4.Ba4 Nf6 5.O-O b5 6.Bb3 Be7 7.Re1 d6 8.c3 O-O
9.h3 Nb8 10.d4 Nbd7 11.Nbd2 Bb7 12.Bc2 c5  1/2-1/2

[Event "ch-SVK"]
[Site "Banska Stiavnica SVK"]
[Date "2006.07.15"]
[Round "8"]
[White "Meszaros,Mi"]
[Black "Timoscenko,G"]
[Result "0-1"]
[WhiteElo "2420"]
[BlackElo "2494"]

1.e4 e5 2.Nf3 Nc6 3.Bb5 a6 4.Ba4 Nf6 5.O-O Be7 6.Re1 b5 7.Bb3 d6 8.c3 O-O
9.h3 Nb8 10.d4 Nbd7 11.Nbd2 Bb7 12.Bc2 Re8 13.Nf1 Bf8 14.Ng3 g6 15.a4 Bg7
16.dxe5 dxe5 17.Be3 c5 18.Qe2 Bc6 19.b3 Qc7 20.Nh2 h5 21.f3 Nh7 22.Qf2 Nhf8
23.Ne2 Ne6 24.g3 Bb7 25.h4 c4 26.b4 a5 27.axb5 axb4 28.cxb4 Nd4 29.Nc3 Bf8
30.Rab1 Ra3 31.Nd5 Bxd5 32.exd5 Rb8 33.Kg2 Nxc2 34.Qxc2 Rxb5 35.Bc1 Rd3 36.Re4 Nb6
37.Nf1 Rbxd5 38.Be3 c3 39.Kh1 Nc4 40.Qb3 Nd6 41.Rc1 Nxe4 42.fxe4 Rb5 43.Qc2 Qd7  0-1

[Event "16th Heart of Finland Open"]
[Site "Jyvaskyla FIN"]
[Date "2006.07.15"]
[Round "8"]
[White "Nieminen,K"]
[Black "Sammalvuo,T"]
[Result "1/2-1/2"]
[WhiteElo "2190"]
[BlackElo "2458"]

1.e4 Nc6 2.Nf3 e5 3.Bb5 a6 4.Ba4 Nf6 5.O-O Be7 6.Re1 b5 7.Bb3 d6 8.c3 O-O
9.h3 Nb8 10.d4 Nbd7 11.Nbd2 Bb7 12.Bc2 Re8 13.Nf1 Bf8 14.Ng3 g6 15.b3 d5
16.Nxe5 Nxe4 17.Nxe4 dxe4 18.Nxd7 Qxd7 19.Be3 f5 20.Qd2 Bd5 21.Bd1 Bd6 22.Rc1 c6
23.Bf4 Qc7 24.Bxd6 Qxd6 25.c4 Bf7 26.Bc2 Rad8 27.Qa5 bxc4 28.bxc4 Qxd4 29.Rcd1 Qf6
30.c5 Rxd1 31.Rxd1 f4 32.Bb3 Bxb3 33.axb3 f3 34.Qxa6 Qg5 35.Qc4+ Kf8 36.g3 e3
37.Qd4 Kg8 38.Qc4+ Kg7 39.Qd4+ Kh6 40.h4 Qf5 41.fxe3 Re4 42.Qd8 Qxc5 43.Qg5+ Qxg5
44.hxg5+ Kxg5 45.Kf2 Re6 46.Kxf3 Rf6+ 47.Kg2 Kf5 48.Rd4 Ke5 49.b4 Rd6 50.Rh4 Rd7
51.Kf3 Rf7+ 52.Ke2 Ra7 53.Kf3 Rf7+ 54.Ke2 Kd6 55.Rc4 h5 56.Rd4+ Ke5 57.Rc4 Kd6
58.Rd4+ Ke7 59.Rc4 Rf6 60.Rc5 Kd6 61.Rg5 Ke7 62.Rc5 Re6 63.b5 cxb5  1/2-1/2

[Event "Canadian Open"]
[Site "Kitchener CAN"]
[Date "2006.07.18"]
[Round "4"]
[White "Wang,Da"]
[Black "Swathi,G"]
[Result "0-1"]
[WhiteElo "2206"]
[BlackElo "2379"]

1.e4 e5 2.Nf3 Nc6 3.Bb5 a6 4.Ba4 Nf6 5.O-O Be7 6.Re1 b5 7.Bb3 d6 8.c3 O-O
9.h3 Nb8 10.d4 Nbd7 11.Nbd2 Bb7 12.Bc2 Re8 13.Nf1 Bf8 14.Ng3 g6 15.a4 Bg7
16.Bd3 c6 17.b4 Qc7 18.Bg5 Nf8 19.Qd2 Ne6 20.Be3 Nd7 21.Bf1 Nb6 22.a5 Nd7
23.Red1 Rad8 24.Rac1 Qb8 25.d5 cxd5 26.exd5 Nc7 27.c4 bxc4 28.Bxc4 f5 29.Bg5 Nf6
30.h4 Rd7 31.Bxf6 Bxf6 32.h5 Qd8 33.Rc2 Rg7 34.Bb3 Qe7 35.Ba4 Nb5 36.Rdc1 Qd8
37.hxg6 hxg6 38.Qe2 e4 39.Bxb5 axb5 40.Nd2 Bd4 41.Qxb5 e3 42.Nf3 exf2+ 43.Kf1 Be3
44.a6 Ba8 45.Qxe8+ Qxe8 46.Rc8 Re7 47.Rxe8+ Rxe8 48.Rc3 Bxd5 49.Nh1 g5 50.Nxf2 g4
51.Nd1 Bf4 52.Nh4 Bd2 53.Rc2 Bxb4 54.Nb2 Re1+ 55.Kf2 f4 56.g3 Rh1 57.Rc8+ Kf7
58.gxf4 Be1+ 59.Ke3 Bxh4 60.Kd4 Bf3 61.Nc4 Bf2+ 62.Kd3 Bc5 63.Nd2 Bd5 64.a7 Ra1
65.Nb3 Ra3 66.Kd2 Rxb3 67.a8=Q Bxa8 68.Rxa8 g3  0-1

[Event "Czech Open A"]
[Site "Pardubice CZE"]
[Date "2006.07.26"]
[Round "6"]
[White "Henrichs,T"]
[Black "Nester,I"]
[Result "1-0"]
[WhiteElo "2491"]
[BlackElo "2417"]

1.e4 e5 2.Nf3 Nc6 3.Bb5 a6 4.Ba4 Nf6 5.O-O Be7 6.Re1 b5 7.Bb3 d6 8.c3 O-O
9.h3 Nb8 10.d4 Nbd7 11.Nbd2 Bb7 12.Bc2 Re8 13.Nf1 Bf8 14.Ng3 g6 15.a4 c5
16.d5 c4 17.Bg5 Be7 18.Qd2 Nc5 19.Ra3 Nfd7 20.Be3 Qc7 21.Rea1 Nb6 22.axb5 axb5
23.Rxa8 Rxa8 24.Rxa8+ Bxa8 25.Qc1 Nba4 26.Qa1 Bb7 27.Nd2 h5 28.Qa3 Bc8 29.Ne2 Qd8
30.Bxa4 Nxa4 31.Nxc4 Bg5 32.Bxg5 Qxg5 33.Kf1 Bd7 34.Ne3 Nc5 35.Qa7 Qh4 36.Ng3 Qf4
37.Qb8+ Kh7 38.Qxd6 Nd3 39.Nh1 Bc8 40.Qc7 Ba6 41.Kg1 Qxe4 42.Qxf7+ Kh6 43.Qf8+ Kh7
44.d6 Nf4 45.Ng3 Qb1+ 46.Kh2 h4 47.Qe7+ Kg8 48.Qxh4  1-0

[Event "10th Battle of Senta 1697 Open"]
[Site "Senta SCG"]
[Date "2006.07.26"]
[Round "7"]
[White "Simonyi,Z"]
[Black "Tancik,K"]
[Result "1-0"]
[WhiteElo "2239"]
[BlackElo "2123"]

1.e4 e5 2.Nf3 Nc6 3.Bb5 a6 4.Ba4 Nf6 5.O-O Be7 6.Re1 b5 7.Bb3 d6 8.c3 O-O
9.h3 Nb8 10.d4 Nbd7 11.Nbd2 Bb7 12.Bc2 Re8 13.Nf1 Bf8 14.Ng3 g6 15.a4 Bg7
16.b3 c6 17.Ba3 Qc7 18.dxe5 dxe5 19.Bd6 Qd8 20.Qd2 Bf8 21.Rad1 Bxd6 22.Qxd6 Qe7
23.Qxe7 Rxe7 24.b4 c5 25.Rd6 Ne8 26.Rd2 c4 27.Red1 Nf8 28.a5 f6 29.Nh2 Bc6
30.Ng4 Rd7 31.Rxd7 Bxd7 32.Ne3 Be6 33.Rd2 Kf7 34.Bd1 Ke7 35.Bg4 Nc7 36.Ne2 Rd8
37.Rxd8 Kxd8 38.g3 Bxg4 39.Nxg4 Ke7 40.f4 Ke6 41.Kf2 Nd7 42.Ke3 Ne8 43.Nh2 Nd6
44.Nf3 h6 45.g4 Ke7 46.Ng3 Ne8 47.h4 Ng7 48.h5 gxh5 49.Nxh5 Nxh5 50.gxh5 Nf8
51.fxe5 fxe5 52.Nxe5 Kf6 53.Nc6 Kg5 54.Nb8 Kxh5 55.Nxa6 Kg4 56.Nc7 h5 57.a6 Nd7
58.a7 Nb6 59.Nd5 Na8 60.Nf6+ Kg5 61.Nxh5 Kxh5 62.Kd4 Kg5 63.Kc5 Kf4 64.Kc6 Kxe4
65.Kb7 Kd3 66.Kxa8 Kxc3 67.Kb7 Kxb4 68.a8=Q Kb3 69.Qa1 Kc2 70.Kc6 b4 71.Kc5 b3
72.Kxc4 b2 73.Qa4+ Kc1 74.Qa3  1-0

[Event "15th Open A"]
[Site "Vienna AUT"]
[Date "2006.07.30"]
[Round "2"]
[White "Klein,Fe"]
[Black "Arif,B"]
[Result "0-1"]
[WhiteElo "2205"]
[BlackElo "2062"]

1.e4 e5 2.Nf3 Nc6 3.Bb5 a6 4.Ba4 Nf6 5.O-O Be7 6.Re1 b5 7.Bb3 d6 8.c3 O-O
9.h3 Nb8 10.d4 Nbd7 11.Nbd2 c6 12.Bc2 Qc7 13.Nf1 Nb6 14.Ng3 Rd8 15.b3 c5
16.d5 c4 17.Bd2 g6 18.Nh2 cxb3 19.axb3 Nfd7 20.Ng4 f6 21.Nh6+ Kf8 22.Nhf5 Kf7
23.h4 Bf8 24.Nh6+ Bxh6 25.Bxh6 Qxc3 26.Rc1 Nc5 27.Bb1 Qb2 28.Qf3 Nbd7 29.Bc2 Rg8
30.Nf1 Ra7 31.g4 Rc7 32.g5 Bb7 33.gxf6 Nxf6 34.Bd2 Nd7 35.Ne3 Rgc8 36.Ng4 Rf8
37.Nxf6 Nxf6 38.Bg5 Kg8 39.Qe2 Nh5 40.Bh6 Nf4 41.Bxf4 Rxf4 42.h5 Bc8 43.hxg6 Bg4
44.Qd2 hxg6 45.Kg2 Bf3+ 46.Kg3 Rcf7  0-1

[Event "MTO Open"]
[Site "Biel SUI"]
[Date "2006.08.01"]
[Round "8"]
[White "Yagupov,I"]
[Black "Socko,B"]
[Result "1/2-1/2"]
[WhiteElo "2559"]
[BlackElo "2621"]

1.e4 e5 2.Nf3 Nc6 3.Bb5 a6 4.Ba4 Nf6 5.O-O Be7 6.Re1 b5 7.Bb3 d6 8.c3 O-O
9.h3 Nb8 10.d4 Nbd7 11.Nbd2 Bb7 12.Bc2 Re8 13.Nf1 Bf8 14.Ng3 g6 15.a4 Bg7
16.Bd3 c6 17.Bg5 Nf8 18.Qd2 Ne6 19.Be3 Qc7 20.Ng5 Nd7 21.Nxe6 fxe6 22.h4 exd4
23.cxd4 e5 24.d5 Nc5 25.Bc2 Nxa4 26.Bxa4 bxa4 27.Rxa4 Rec8 28.dxc6 Bxc6 29.Rc4 Qd7
30.Rd1 Bf8 31.Bh6 Be7 32.Bg5 Bf8 33.Bh6 Be7 34.Bg5 Bf8 35.Bh6  1/2-1/2

[Event "3rd Open"]
[Site "Kalamaria GRE"]
[Date "2006.09.02"]
[Round "4"]
[White "Timoshenko,G"]
[Black "Sriram,J"]
[Result "1-0"]
[WhiteElo "2550"]
[BlackElo "2408"]

1.e4 e5 2.Nf3 Nc6 3.Bb5 a6 4.Ba4 Nf6 5.O-O Be7 6.Re1 b5 7.Bb3 d6 8.c3 O-O
9.h3 Nb8 10.d4 Nbd7 11.Nbd2 Bb7 12.a4 Re8 13.Bc2 Bf8 14.Bd3 c6 15.b4 Qc7
16.Qc2 g6 17.Bb2 Bg7 18.dxe5 Nxe5 19.Nxe5 dxe5 20.c4 bxa4 21.c5 a5 22.bxa5 Nd7
23.Ba3 Rxa5 24.Nc4 Rxc5 25.Qxa4 Ra8 26.Qxa8+ Bxa8 27.Bxc5 Nxc5 28.Rxa8+ Bf8
29.Bf1 Kg7 30.Rea1 Qe7 31.R8a7 Qf6 32.R1a3 Be7 33.Rf3 Qe6 34.Nb6 Bd8 35.Bc4 Bxb6
36.Bxe6 Bxa7 37.Rxf7+ Kh6 38.Rxa7 Nxe6 39.Re7 Nf4 40.Rxe5 Nd3 41.Re7 c5 42.Kf1  1-0

[Event "3rd Open"]
[Site "Kalamaria GRE"]
[Date "2006.09.02"]
[Round "5"]
[White "Iskos,A"]
[Black "Ris,R"]
[Result "0-1"]
[WhiteElo "2021"]
[BlackElo "2364"]

1.e4 e5 2.Nf3 Nc6 3.Bb5 a6 4.Ba4 Nf6 5.O-O Be7 6.Re1 b5 7.Bb3 O-O 8.h3 d6
9.c3 Nb8 10.d4 Nbd7 11.Nbd2 Bb7 12.Bc2 Re8 13.Nf1 Bf8 14.Ng3 g6 15.Nh2 Bg7
16.d5 Qb8 17.a4 c6 18.dxc6 Bxc6 19.Ng4 Nxg4 20.hxg4 Qc7 21.Nf1 Nb6 22.Ne3 Nxa4
23.Bxa4 bxa4 24.Nd5 Qb7 25.g5 Bxd5 26.Qxd5 Qb5 27.Qxd6 Bf8 28.Qd1 a3 29.bxa3 Red8
30.Qf3 Rac8 31.a4 Qb3 32.Be3 Be7 33.Rec1 Ba3 34.Rxa3 Qxa3 35.Qf6 Qxa4 36.Qxe5 Re8
37.Qf6 Re6 38.Qf3 Qxe4 39.Qxe4 Rxe4 40.Ra1 Ra8 41.Ra5 Rc4 42.Bd4 Rc6 43.f4 Kf8
44.Kf2 Rb8 45.Kf3 Rb5 46.Rxb5 axb5 47.Ke4 Ke7 48.Kd5 Kd7 49.Bc5 Re6 50.Bd4 Re2
51.Kc5 Rxg2 52.Kxb5 Rh2 53.Kc5 h5 54.gxh6 Rh5+ 55.Kc4 Rxh6 56.Kd5 Rh5+ 57.Ke4 Ke6
58.Be3 Rh1 59.c4 Rd1 60.Bb6 f5+ 61.Kf3 Rd3+ 62.Ke2 Rc3 63.c5 Kd5 64.Kd2 Rc4
65.Ke3 Rxc5  0-1

[Event "Vojvodina Quality League m"]
[Site "Sremska Mitrovica SRB"]
[Date "2006.09.27"]
[Round "8"]
[White "Berescu,A"]
[Black "Carnic,S"]
[Result "1/2-1/2"]
[WhiteElo "2491"]
[BlackElo "2331"]

1.e4 e5 2.Nf3 Nc6 3.Bb5 a6 4.Ba4 Nf6 5.O-O Be7 6.Re1 b5 7.Bb3 O-O 8.h3 d6
9.c3 Nb8 10.d4 Nbd7 11.Nbd2 Bb7 12.Bc2 Re8 13.Nf1 Bf8 14.Ng3 g6 15.a4 Bg7
16.Bd3 Qb8 17.Bg5 c6 18.Qd2 Qc7 19.Kh1 d5 20.dxe5 Nxe5 21.Nxe5 Qxe5 22.axb5 cxb5  1/2-1/2

[Event "Tatry Open"]
[Site "Tatranske Zruby SVK"]
[Date "2006.09.27"]
[Round "6"]
[White "Bukowska,K"]
[Black "Lukac,R"]
[Result "1-0"]
[WhiteElo "2018"]
[BlackElo "2164"]

1.e4 e5 2.Nf3 Nc6 3.Bb5 a6 4.Ba4 Nf6 5.O-O b5 6.Bb3 Be7 7.c3 d6 8.Re1 O-O
9.h3 Nb8 10.d4 Nbd7 11.Nbd2 Bb7 12.Bc2 Re8 13.Nf1 Bf8 14.Ng3 g6 15.a4 c5
16.d5 c4 17.Bg5 h6 18.Be3 Kh7 19.Nh2 Bg7 20.Rf1 Rf8 21.f4 exf4 22.Rxf4 Ne5
23.Qd2 Nfd7 24.Raf1 Bc8 25.Nf3 Nxf3+ 26.R4xf3 Ne5 27.Rf4 Rb8 28.Bd4 bxa4
29.Bxa4 Rb7 30.Bc6 Re7 31.Qd1 Qa5 32.b3 Rc7 33.bxc4 Kg8 34.Qb3 Nxc6 35.dxc6 Rxc6
36.c5 Be6 37.Qb7 Rc7 38.Qb6 Qxb6 39.cxb6 Bxd4+ 40.cxd4 Rb7 41.d5 Bd7 42.Rc1 Rxb6
43.Rc7 Rd8 44.Ne2 a5 45.Ra7 a4 46.Nd4 Be8 47.Nc6 Rd7 48.Rxa4 Rb2 49.Ra8 Kf8
50.e5 dxe5 51.Nxe5 Ke7 52.Nxd7 Bxd7 53.Ra7 Rd2 54.Ra5  1-0

[Event "Vasylyshyn Mem"]
[Site "Lviv UKR"]
[Date "2006.10.11"]
[Round "8"]
[White "Firman,N"]
[Black "Maiorov,N"]
[Result "1/2-1/2"]
[WhiteElo "2495"]
[BlackElo "2481"]

1.e4 e5 2.Nf3 Nc6 3.Bb5 a6 4.Ba4 Nf6 5.O-O Be7 6.Re1 b5 7.Bb3 d6 8.c3 O-O
9.h3 Nb8 10.d4 Nbd7 11.Nbd2 Bb7 12.Bc2 Re8 13.b3 Bf8 14.d5 c6 15.c4 Qc7 16.a4 bxc4
17.bxc4 a5 18.Nb3 Ba6 19.dxc6 Qxc6 20.Nxa5 Qc7 21.Bd2 Nc5 22.Re3 Bc8 23.Qe1 Bd7
24.Rea3 Kh8 25.Bb4 Reb8 26.Bc3 Ra7 27.Nb3 Rxa4 28.Nbd2 Rxa3 29.Rxa3 Bc6 30.Ra1 Ra8
31.Rxa8 Bxa8 32.Nh2 Qa7 33.Bb4 Qb6 34.Bxc5 Qxc5 35.Qa1 Bb7 36.Nhf3 h6 37.Qb1 Qc7
38.c5 dxc5 39.Nc4 Bc8 40.Ncxe5 Be6 41.Bd3 c4 42.Qc2 c3 43.Qe2 Qb6 44.Ne1 Qb2
45.Bc2 Qc1 46.Nf3 Nd7 47.Nd4 Nc5 48.Nxe6 Nxe6 49.Qd1 Qxd1 50.Bxd1 Nd4 51.Nc2 Nxc2
52.Bxc2 g5  1/2-1/2

[Event "Vasylyshyn Mem"]
[Site "Lviv UKR"]
[Date "2006.10.13"]
[Round "10"]
[White "Firman,N"]
[Black "Nester,I"]
[Result "1-0"]
[WhiteElo "2495"]
[BlackElo "2420"]

1.e4 e5 2.Nf3 Nc6 3.Bb5 a6 4.Ba4 Nf6 5.O-O Be7 6.Re1 b5 7.Bb3 d6 8.c3 O-O
9.h3 Nb8 10.d4 Nbd7 11.Nbd2 Bb7 12.Bc2 Re8 13.b3 Bf8 14.Bb2 g6 15.d5 c6 16.c4 bxc4
17.bxc4 Nc5 18.Rb1 a5 19.Ba3 Qc7 20.Bxc5 dxc5 21.Ba4 Ra6 22.Rb3 Nh5 23.Nb1 Ba8
24.dxc6 Bxc6 25.Bxc6 Qxc6 26.Nc3 Nf4 27.Nd5 Nxd5 28.cxd5 Qa4 29.Qe2 Raa8
30.Rc1 Bd6 31.Rb6 Red8 32.Qc2 Qxc2 33.Rxc2 Rab8 34.Ra6 Rb1+ 35.Kh2 Rb4 36.Nd2 f5
37.Nc4 Bf8 38.Rxa5 fxe4 39.Ne3 Rd4 40.Rb2 Bh6 41.Ng4 Bg5 42.Rb7 h5 43.Ne3 Bf4+
44.Kg1 R8xd5 45.Raa7 Rd1+ 46.Nf1 Bh6 47.g4 hxg4 48.hxg4 e3 49.fxe3 Bxe3+
50.Kg2 Bh6 51.a4 Rd8 52.Rb6 R1d6 53.a5 Bf8 54.Ne3 Kh8 55.Rxd6 Bxd6 56.a6 c4
57.Nxc4 Bc5 58.Rc7 Bd4 59.Kf3 Ra8 60.Rc6 Kg7 61.Ke4 Kh6 62.Nxe5 Bxe5 63.Kxe5 Kg5
64.Kd5 Rd8+ 65.Kc5 Rg8 66.a7  1-0

[Event "Vasylyshyn Mem"]
[Site "Lviv UKR"]
[Date "2006.10.13"]
[Round "10"]
[White "Oleksienko,M"]
[Black "Kozakov,M"]
[Result "1-0"]
[WhiteElo "2530"]
[BlackElo "2456"]

1.e4 e5 2.Nf3 Nc6 3.Bb5 a6 4.Ba4 Nf6 5.O-O Be7 6.Re1 b5 7.Bb3 d6 8.c3 O-O
9.h3 Nb8 10.d4 Nbd7 11.Nbd2 Bb7 12.Bc2 Re8 13.Nf1 Bf8 14.Ng3 g6 15.b3 Bg7
16.d5 Qe7 17.Be3 c6 18.c4 Rec8 19.Qd2 a5 20.Rab1 bxc4 21.bxc4 Ba6 22.Ba4 cxd5
23.cxd5 Qd8 24.Bc6 Rab8 25.Ba7 Rxb1 26.Rxb1 h5 27.Be3 Rb8 28.Rc1 Rb4 29.Qe1 Nxe4
30.a3 Nxg3 31.axb4 Ne2+ 32.Kh1 Nxc1 33.Bxc1 axb4 34.Qxb4 Nf6 35.Bg5 Qc7 36.Qa3 Bc8
37.Qa8 Nh7 38.Bd2  1-0

[Event "Vasylyshyn Mem"]
[Site "Lviv UKR"]
[Date "2006.10.14"]
[Round "12"]
[White "Kravtsiv,M"]
[Black "Nester,I"]
[Result "1-0"]
[WhiteElo "2446"]
[BlackElo "2420"]

1.e4 e5 2.Nf3 Nc6 3.Bb5 a6 4.Ba4 Nf6 5.O-O Be7 6.Re1 b5 7.Bb3 d6 8.c3 O-O
9.h3 Nb8 10.d4 Nbd7 11.Nbd2 Bb7 12.Bc2 Re8 13.Nf1 Bf8 14.Ng3 g6 15.b3 Bg7
16.d5 Rc8 17.c4 Nb6 18.Rb1 Ba8 19.Bd3 c6 20.Be3 Nfd7 21.Bf1 cxd5 22.cxd5 Nc5
23.a4 bxa4 24.b4 Ncd7 25.Bxa6 Rb8 26.Qd3 Qe7 27.Nd2 Bb7 28.Bb5 Rec8 29.Ra1 f5
30.Bxd7 Nxd7 31.Ba7 Ra8 32.Rxa4 Nf6 33.Ra5 Bxd5 34.Rxd5 Rxa7 35.Rxd6 f4 36.Ngf1 Rb7
37.b5 Rcb8 38.Rb1 Ne8 39.Rc6 Kh8 40.Nc4 Rxb5 41.Rxb5 Rxb5 42.Rc8 Rc5 43.Qd8 Qxd8
44.Rxd8 Rxc4 45.Rxe8+ Bf8 46.Rxf8+ Kg7 47.Rd8 Rxe4 48.Rd7+ Kh6 49.f3 Re2
50.Nd2 Re1+ 51.Kf2 Rd1 52.Rd6  1-0

[Event "Petersburg Autumn"]
[Site "St Petersburg RUS"]
[Date "2006.11.01"]
[Round "2"]
[White "Kuzmin,Yuriy"]
[Black "Karalkin,M"]
[Result "0-1"]
[WhiteElo "2126"]
[BlackElo "2303"]

1.e4 e5 2.Nf3 Nc6 3.Bb5 a6 4.Ba4 Nf6 5.O-O Be7 6.Re1 b5 7.Bb3 d6 8.c3 O-O
9.h3 Nb8 10.d4 Bb7 11.Nbd2 Nbd7 12.Qe2 c5 13.d5 Re8 14.Nf1 Bf8 15.Ng3 g6
16.Nh2 Bc8 17.Bg5 h6 18.Be3 Bg7 19.Bc2 Nb6 20.b3 Bd7 21.f3 Kh7 22.Ng4 Nxg4
23.fxg4 Bf6 24.Rf1 Rf8 25.Rf3 Bg5 26.Bf2 a5 27.c4 a4 28.bxa4 bxc4 29.Ra3 Nxa4
30.Qxc4 Nb6 31.Qd3 Qc7 32.Rxa8 Rxa8 33.Qf3 Ba4 34.Bxa4 Rxa4 35.Nf1 Qa7 36.h4 Ra3
37.Qe2 Bd8 38.Ne3 Qa4 39.Nf1 Kg7 40.h5 Bg5 41.hxg6 Kxg6 42.Qb2 Nd7 43.Ng3 Nf6
44.Qe2 Rxg3 45.Rf1 Rxg4  0-1

[Event "Petersburg Autumn"]
[Site "St Petersburg RUS"]
[Date "2006.11.03"]
[Round "4"]
[White "Sivokho,S"]
[Black "Karalkin,M"]
[Result "1/2-1/2"]
[WhiteElo "2476"]
[BlackElo "2303"]

1.e4 e5 2.Nf3 Nc6 3.Bb5 a6 4.Ba4 Nf6 5.O-O Be7 6.Re1 b5 7.Bb3 d6 8.c3 O-O
9.h3 Nb8 10.d4 Nbd7 11.Nbd2 Bb7 12.Bc2 Re8 13.Nf1 Bf8 14.Ng3 g6 15.a4 c5
16.d5 c4 17.Bg5 h6 18.Be3 Nc5 19.Nh2 h5 20.Nf3 Qc7 21.Qd2 Rab8 22.axb5 axb5
23.Bh6 Nh7 24.Bxf8 Rxf8 25.Qh6 Qe7 26.Ra5 Bc8 27.Rea1 Bd7 28.Ra7 Rfd8 29.R1a5 Qf8
30.Qe3 Rb7 31.Rxb7 Nxb7 32.Ra7 Nc5 33.Kh2 Rc8 34.Nd2 Ra8 35.Rxa8 Qxa8 36.b4 cxb3
37.Nxb3 Na4 38.f4 Qc8 39.Ne2 Kg7 40.Nbc1 Qc5 41.Qxc5 Nxc5 42.Nd3 Nxd3 43.Bxd3 Nf6
44.Kg3 Ne8 45.Kf3 f6 46.Ke3 Nc7 47.h4 Na6 48.g3 Nc5 49.Bc2 Kf7 50.Nc1 Ke7
51.Nd3 Kd8 52.Nxc5 dxc5 53.fxe5 fxe5 54.Bd1 Ke7 55.Be2  1/2-1/2

[Event "TCh-BEL 2006-7"]
[Site "Belgium BEL"]
[Date "2006.11.05"]
[Round "3"]
[White "Meessen,R"]
[Black "Michiels,R"]
[Result "1-0"]
[WhiteElo "2303"]
[BlackElo "2251"]

1.e4 e5 2.Nf3 Nc6 3.Bb5 a6 4.Ba4 Nf6 5.O-O Be7 6.Re1 b5 7.Bb3 O-O 8.c3 d6
9.h3 Nb8 10.d4 Nbd7 11.Nbd2 Bb7 12.Bc2 Re8 13.Nf1 Bf8 14.Ng3 g6 15.b3 Bg7
16.d5 Nb6 17.Rb1 Qc8 18.Bd3 Nfd7 19.c4 bxc4 20.bxc4 Nc5 21.Be3 Qd7 22.Nf1 Nba4
23.Qc2 c6 24.N3d2 Rac8 25.dxc6 Qxc6 26.Bxc5 Nxc5 27.Nb3 Ba8 28.Nxc5 Qxc5
29.Qa4 f5 30.Ng3 f4 31.Nf1 Qd4 32.Rb3 d5 33.Nd2 Bf8 34.Nf3 Qa7 35.cxd5 Bc5
36.Re2 Bb7 37.Ng5 Bd4 38.Qd7 Ba8 39.Qxa7 Bxa7 40.Bxa6 Rc1+ 41.Kh2 Rf1 42.Rc2 Rxf2
43.Rbb2 Rxc2 44.Rxc2 Rb8 45.d6 Rb1 46.Rc8+ Kg7 47.Rc7+  1-0

[Event "10th OIBM"]
[Site "Bad Wiessee GER"]
[Date "2006.11.08"]
[Round "5"]
[White "Deglmann,L"]
[Black "Dimakiling,O"]
[Result "1/2-1/2"]
[WhiteElo "2334"]
[BlackElo "2476"]

1.e4 e5 2.Nf3 Nc6 3.Bb5 a6 4.Ba4 Nf6 5.O-O Be7 6.Re1 b5 7.Bb3 d6 8.c3 O-O
9.h3 Nb8 10.d4 Nbd7 11.Nbd2 Bb7 12.Bc2 Re8 13.Nf1 Bf8 14.Ng3 h6 15.a4 g6
16.Bd3 c6 17.b3 Bg7 18.Ra2 Qc7 19.Be3 Nf8 20.Qd2 Kh7 21.Rc1 Ne6 22.b4 Rad8
23.axb5 axb5 24.Qc2 Nf4 25.Bf1 Rd7 26.dxe5 dxe5 27.c4 bxc4 28.Bxc4 Red8 29.Ra7 Qb8
30.Qa2 c5 31.bxc5 Nxe4 32.Nxe4 Bxe4 33.Rxd7 Rxd7 34.Bxf4 exf4 35.Bxf7 Qd8
36.c6 Re7 37.Qc4 Bxf3 38.gxf3 Be5 39.Bd5 Bc7 40.Be4 Rg7 41.Rb1 h5 42.Rb5 Kh6
43.Kg2 Qf6 44.Qd3 Re7 45.Rd5 Kg7 46.Rd7 Rxd7 47.Qxd7+ Qf7 48.Qxf7+  1/2-1/2